| 000 | 00552nam a22001937a 4500 | ||
|---|---|---|---|
| 005 | 20130826114244.0 | ||
| 010 | _aENG-108372 | ||
| 020 |
_c199.00 _a9788184003956 |
||
| 035 | _aEN-91905 | ||
| 037 | _bDBAD/PUB | ||
| 082 | _aN | ||
| 100 | _aMahajan, Atulya | ||
| 245 | 0 | 0 |
_aAmreekan des : _cby Atulya Mahajan _bmasters of America / |
| 260 |
_aNoida _bRandom House Publishers _c2013 |
||
| 270 |
_aWindsor IT Park,7th Floor, Tower-B, A-1, Sector-125 _bNoida _e201301 |
||
| 300 |
_a310p / _c18cm(pbk) |
||
| 700 | _aGriffiths, W.G. | ||
| 942 |
_2ddc _cEN _mMAH |
||
| 999 |
_c78768 _d78768 |
||